000 00277nam a22001217a 4500
008 170616b xxu||||| |||| 00| 0 eng d
041 _aeng
080 _a32
100 _a20
101 _aSHP
245 _aBACKGROUNDS TO COMMUNIST THOUGHT
_cLEROSSINGOL, J.E
942 _2udc
_cBK
999 _c17800
_d17800